000 00780nam0a22002411 4500
001 rc\2616525
005 20250623140557.0
035 _a(NLR Aleph) 006780269
090 _a6036877
_c6036877
100 _a20110914d1931 |||y0rusy50 ca
101 0 _arus
102 _aRU
105 _aa z |||||
200 1 _aПути обобществления садоводства и огородничества...
_fЕпихин
210 _a[Москва]
_cОгиз - Сельсколхозгиз
_d1931
_g18 тип. УПП Огиза
215 _a96 с.
_cил.
_d19х13 см.
700 1 _aЕпихин
_bС.С.
_gСергей Сергеевич
801 0 _aRU
_bNLR
_gpsbo
801 1 _aRU
_bELAR
_2rusmarc
852 _aNLR
_j31-8/8589
942 _cBOOK
980 _aNB